Phobos. Vyslání /
Sci-fi román o mladých lidech, kteří byli vybráni do seznamovací reality show, která se odehrává v kosmické lodi. Mají za úkol si mezi sebou vybrat životního partnera a osídlit Mars.
Uloženo v:
| Série: | Phobos,
část 1 |
|---|---|
| Hlavní autor: | |
| Další autoři: | |
| Médium: | E-kniha |
| Jazyk: | Czech |
| Vydáno: |
Praha :
Dobrovský s.r.o.,
2023
|
| Edice: | King Cool
|
| Témata: | |
| Příbuzné jednotky: | Přeloženo z:
Phobos Z cyklu:: Phobos |
| Tagy: |
Žádné tagy |
| LEADER | 02924nam a2200577 i 4500 | ||
|---|---|---|---|
| 001 | 312075 | ||
| 003 | CZ PrSKC | ||
| 005 | 20260601215716.0 | ||
| 007 | ta | ||
| 008 | 230831s2023 xr a d 000 f cze | ||
| 015 | |a cnb003476652 | ||
| 020 | |a 9788027720064 |q (brožováno) | ||
| 035 | |a (OCoLC)1408815750 | ||
| 040 | |a ABG001 |b cze |e rda | ||
| 041 | 1 | |a cze |h fre | |
| 072 | 7 | |a 821.133.1-3 |x Francouzská próza, francouzsky psaná |2 Konspekt | |
| 072 | 7 | |a 821-93 |x Literatura pro děti a mládež (beletrie) |2 Konspekt | |
| 080 | |a 821.133.1-31 |2 MRF | ||
| 080 | |a 821-93-053.67 |2 MRF | ||
| 080 | |a 821-93 |2 MRF | ||
| 080 | |a (0:82-311.9) |2 MRF | ||
| 100 | 1 | |a Dixen, Victor, |d 1979- |7 xx0278320 |4 aut | |
| 240 | 1 | 0 | |a Ascension. |l Česky |
| 245 | 1 | 0 | |a Phobos. |p Vyslání / |c Victor Dixen ; přeložila Maria Lurfová |
| 246 | 3 | 0 | |a Vyslání |
| 264 | 1 | |a Praha : |b Dobrovský s.r.o., |c 2023 | |
| 300 | |a 375 stran : |b ilustrace ; |c 20 cm | ||
| 336 | |a text |b txt |2 rdacontent | ||
| 337 | |a bez média |b n |2 rdamedia | ||
| 338 | |a svazek |b nc |2 rdacarrier | ||
| 490 | 1 | |a King Cool | |
| 500 | |a Přeloženo z francouzštiny | ||
| 520 | 2 | |a Sci-fi román o mladých lidech, kteří byli vybráni do seznamovací reality show, která se odehrává v kosmické lodi. Mají za úkol si mezi sebou vybrat životního partnera a osídlit Mars. |b Šest dívek a šest chlapců spolu letí na palubě jediné kosmické lodi, ale ve dvou samostatných oddílech. Chtějí se zapsat do Dějin s velkým D. Vídat se smějí na pouhých šest minut týdně a pod nepřetržitým dohledem kamer si musejí do konce letu vybrat partnera, se kterým stráví celý zbytek života. Jejich úkolem bude založit nové lidstvo - a osídlit tak Mars. Taková jsou pravidla programu Genesis, nejšílenější seznamovací show v dějinách. Nakladatelská anotace. Kráceno. | |
| 546 | |a Český text | ||
| 655 | 7 | |a francouzské romány |7 fd132289 |2 czenas | |
| 655 | 7 | |a vědecko-fantastické romány |7 fd133847 |2 czenas | |
| 655 | 7 | |a literatura young adult |7 fd1185572 |2 czenas | |
| 655 | 7 | |a publikace pro mládež |7 fd133157 |2 czenas | |
| 655 | 9 | |a French fiction |2 eczenas | |
| 655 | 9 | |a science fiction novels |2 eczenas | |
| 655 | 9 | |a young adult literature |2 eczenas | |
| 655 | 9 | |a juvenile literature |2 eczenas | |
| 700 | 1 | |a Lurfová, Maria |7 jo20231204029 |4 trl | |
| 765 | 0 | |t Phobos | |
| 787 | 0 | 8 | |i Z cyklu: |t Phobos |g 1 |
| 830 | 0 | |a King Cool | |
| 900 | |a ABA001 |b 20 | ||
| 044 | |a xr | ||
| 910 | |a RBIT002 | ||
| 998 | |d 386062 |a https://core.palmknihy.cz/api/books/386062/cover?s0lq4d |b https://core.palmknihy.cz/api/books/386062/cover/400?s0lq4d |c https://core.palmknihy.cz/api/books/386062/cover/50?s0lq4d |e 2032-06-07 |g 384 |i 9788027720064 |j https://core.palmknihy.cz/api/books/386062/preview.epub |k https://core.palmknihy.cz/api/books/386062/preview.pdf |l |q 49 |r 1 |s https://www.palmknihy.cz/kniha/386062 |t ebook |y 2023 |z 0 |v Phobos |w 1 | ||
| 999 | |d 312073 | ||